000 00540nam a2200145Ia 4500
008 100122s9999 xx 000 0 und d
082 _b1614
_a823
100 _aगोखले अ स
245 _aवेणूपुरचा हिम्मत बहाद्दूर
260 _bप्रकाशक शोधणे
_c1924
300 _a55
630 _aवेणूपुरचा हिम्मत बहाद्दूर
730 _aवेणूपुरचा हिम्मत बहाद्दूर
942 _cBOOK
999 _c396329
_d396326